000 00497nam a2200205Ia 4500
003 0100
008 130303s9999 xx 000 0 und d
040 _cARRUPELIB
050 _aBL304.E43 1975
100 _aEliade, Mircea
245 _aMyths, Rites, Symbols
245 _ba Mircea Eliade reader
260 _aNew York
260 _bHarper & Row Publishers
260 _C1975
300 _av.
300 _b 23 cm.
700 _aBeane, Wendell C ; Doty, William G. (ed)
942 0 0 _04
999 _c29683
_d29683